MARC details
| 000 -LÍDER |
| campo de controle de tamanho fixo |
01379nam a2200301 4500 |
| 001 - NÚMERO DE CONTROLE |
| campo de controle |
251 |
| 003 - IDENTIFICADOR DO NÚMERO DE CONTROLE |
| campo de controle |
OSt |
| 005 - DATA E HORÁRIO DA ÚLTIMA TRANSAÇÃO |
| campo de controle |
20250528074016.0 |
| 008 - CAMPO DE DADOS FIXOS--INFORMAÇÃO GERAL |
| campo de controle de tamanho fixo |
250220b |||||||e |||| 00| 1 eng d |
| 040 ## - FONTE DA CATALOGAÇÃO |
| Idioma da catalogação |
por |
| 041 ## - CÓDIGO DE IDIOMA |
| Código do idioma do original e/ou traduções intermediárias do texto |
eng |
| Código do idioma do texto/trilha sonora ou título diferente |
por |
| 082 ## - CDD - CLASSIFICAÇÃO DECIMAL DE DEWEY |
| Número de Classificação |
823 |
| Número do exemplar |
D548 |
| 100 1# - ENTRADA PRINCIPAL--NOME PESSOAL |
| Nome pessoal |
Dickens, Charles, |
| Datas associadas ao nome |
1812-1870 |
| 9 (RLIN) |
370 |
| 240 ## - TÍTULO UNIFORME |
| Título uniforme |
The Posthumous Papers of the Pickwick Club |
| 245 ## - TÍTULO |
| Título |
As aventuras do Sr. Pickwick / |
| Indicação de responsabilidade, etc. |
Dickens, Charles ; Tradução de Otávio Mendes Cajado |
| 260 ## - PUBLICAÇÃO, DISTRIBUIÇÃO, ETC. |
| Local de publicação, distribuição, etc. |
São Paulo |
| Nome do editor, distribuidor, etc. |
Abril |
| Data da publicação, distribuição, etc. |
1971 |
| 300 ## - DESCRIÇÃO FÍSICA |
| Extensão |
589 p. |
| 490 1# - TÍTULO DA SÉRIE |
| Título da série |
Os imortais da literatura universal |
| Número do volume ou designação sequencial da série |
vol. 02 |
| 520 ## - NOTA DE RESUMO, ETC. |
| Resumo, etc. |
'As aventuras do Sr. Pickwick' apresenta, em ritmo picaresco, as peripécias das personagens chaplinianas de um certo Clube Pickwick, cujo objetivo é investigar a vida da capital inglesa - resultando uma sátira ao cientificismo do século XIX. Ao mesmo tempo, o primeiro romance de Charles Dickens, publicado em formato de folhetim entre abril de 1836 e novembro de 1837, é um retrato humorístico da sociedade de seu tempo, com aquela objetividade que só a ficção pode conquistar. |
| 650 #0 - ASSUNTO--TERMO TÓPICO |
| Cabeçalho tópico ou nome geográfico |
Literatura Inglesa |
| 9 (RLIN) |
89 |
| 650 #0 - ASSUNTO--TERMO TÓPICO |
| Cabeçalho tópico ou nome geográfico |
Clássicos |
| 9 (RLIN) |
77 |
| 650 #0 - ASSUNTO--TERMO TÓPICO |
| Cabeçalho tópico ou nome geográfico |
Humor |
| 9 (RLIN) |
60 |
| 655 #0 - TERMO DE ÍNDICE--GÊNERO E FORMA |
| Gênero/forma/ou termo foco |
Romance |
| 655 #0 - TERMO DE ÍNDICE--GÊNERO E FORMA |
| Gênero/forma/ou termo foco |
Ficção |
| 700 ## - ENTRADA ADICIONADA - NOME PESSOAL |
| Nome pessoal |
Otávio Mendes Cajado |
| Função do autor por extenso |
Tradução |
| 9 (RLIN) |
462 |
| 830 ## - ENTRADA SECUNDÁRIA DE SÉRIE--TÍTULO UNIFORME |
| Título uniforme |
Os Imortais da Literatura Universal |
| 9 (RLIN) |
461 |
| Número do volume ou designação sequencial da série |
vol. 02 |
| 942 ## - ELEMENTOS DE ENTRADA ADICIONADOS (KOHA) |
| Fonte de classificação ou esquema de arquivamento |
Classificação decimal de Dewey |
| Ocultar no OPAC |
Não |
| Tipo de material Koha |
Livros |